[Event "Pan American-ch School U17 12th"]
[Site "Callao"]
[Date "2023.10.21"]
[Round "9"]
[White "Arteaga Tello, Dayron Aaron"]
[Black "Cruz Ocas, Edward Joel"]
[Result "0-1"]
[WhiteElo "1105"]
[BlackElo "1611"]
[PlyCount "68"]
[EventDate "2023.10.16"]
[EventType "swiss"]
[EventRounds "9"]
[EventCountry "PER"]
[SourceTitle "Mega2024 Update 01"]
[Source "Chessbase"]
[SourceDate "2023.11.12"]
[SourceVersion "1"]
[SourceVersionDate "2023.11.12"]
[SourceQuality "1"]

1. e4 c6 2. d4 d5 3. exd5 cxd5 4. Bd3 Nc6 5. c3 Qc7 6. Ne2 Bg4 7. 0-0 Nf6 8. Qe1 e6 9. Nd2 Bd6 10. f3 Bh5 11. Qh4 0-0-0 12. f4 h6 13. Nf3 g5 14. fxg5 hxg5 15. Qxg5 Ne4 16. Bxe4 dxe4 17. Ne5 Bxe2 18. Rxf7 Qb6 19. Nxc6 Qxc6 20. Bf4 Rdg8 21. Rg7 Rf8 22. Be5 Rh5 23. Qg3 Bxe5 24. dxe5 Qc5+ 25. Kh1 Qxe5 26. Qxe5 Rxe5 27. g4 Bf3+ 28. Kg1 Rd5 29. h4 Rd2 30. g5 Rg2+ 31. Kf1 e3 32. Re1 e2+ 33. Rxe2 Rxe2 34. g6 Rd8 0-1

[Event "Pan American-ch School U17 12th"]
[Site "Callao"]
[Date "2023.10.16"]
[Round "1"]
[White "Garay Ramirez, Estefano Javier"]
[Black "Arteaga Tello, Dayron Aaron"]
[Result "1-0"]
[WhiteElo "1667"]
[BlackElo "1105"]
[PlyCount "67"]
[EventDate "2023.10.16"]
[EventType "swiss"]
[EventRounds "9"]
[EventCountry "PER"]
[SourceTitle "Mega2024 Update 01"]
[Source "Chessbase"]
[SourceDate "2023.11.12"]
[SourceVersion "1"]
[SourceVersionDate "2023.11.12"]
[SourceQuality "1"]

1. d4 d5 2. c4 e6 3. Nc3 Nf6 4. cxd5 exd5 5. Bg5 Bb4 6. e3 h6 7. Bh4 g5 8. Bg3 Ne4 9. Nge2 Nc6 10. Rc1 h5 11. h4 Bg4 12. Qa4 a6 13. a3 Bxc3+ 14. bxc3 b5 15. Qc2 Na5 16. Bh2 Bf5 17. Qa2 Nc4 18. Ng3 Nxg3 19. Bxg3 Qe7 20. a4 c6 21. hxg5 Nxe3 22. fxe3 Bg4 23. Bf4 Kd7 24. Be2 Bxe2 25. Qxe2 Qa3 26. Qc2 b4 27. Qf5+ Kd8 28. Qf6+ Kc8 29. Qxc6+ Kd8 30. Qxa8+ Ke7 31. Qb7+ Ke6 32. Qc6+ Ke7 33. Bd6+ Ke6 34. Bxb4+ 1-0